Billy Budd & Typee
Tallennettuna:
| Päätekijä: | |
|---|---|
| Aineistotyyppi: | Kirja |
| Kieli: | Undetermined |
| Julkaistu: |
Nebraska, Estados Unidos
C.K. Hillegass
1968
|
| Aiheet: | |
| Tagit: |
Lisää tagi
Ei tageja, Lisää ensimmäinen tagi!
|
MARC
| LEADER | 00000nam a2200000Ia 4500 | ||
|---|---|---|---|
| 008 | 170316s9999 xx 000 0 und d | ||
| 040 | |a cru BVZT | ||
| 090 | |a C-810 E-1.1b | ||
| 100 | |a Emerson, O.B. | ||
| 245 | |a Billy Budd & Typee | ||
| 260 | |a Nebraska, Estados Unidos | ||
| 260 | |b C.K. Hillegass | ||
| 260 | |c 1968 | ||
| 300 | |a 98 páginas | ||
| 650 | |a LITERATURA ESTADOUNIDENSE | ||
| 650 | |a CRÍTICA | ||
| 999 | |c 12840 |d 12840 | ||
| 942 | |c 15 D |h C-810 E-1.1b |2 z | ||
